La gota que derramó el vaso (Record no. 107264)

MARC details
000 -LEADER
campo de control de longitud fija 02071nac a2200337 a 4500
003 - IDENTIFICADOR DE NÚMERO DE CONTROL
campo de control CO-PeBPM
005 - FECHA Y HORA DE LA ÚLTIMA TRANSACCIÓN
campo de control 20260328144937.0
007 - CAMPO FIJO DE DESCRIPCIÓN FÍSICA--INFORMACIÓN GENERAL
campo de control de longitud fija ta
008 - DATOS DE LONGITUD FIJA--INFORMACIÓN GENERAL
campo de control de longitud fija 260328b199? ck a|||| |||| 00| 0 spa d
020 ## - NÚMERO INTERNACIONAL ESTÁNDAR DEL LIBRO
Número Internacional Estándar del Libro 9685517630
040 ## - FUENTE DE CATALOGACIÓN
Centro catalogador/agencia de origen CO-PeBPM
Lengua de catalogación spa
Centro/agencia transcriptor CO-PeBPM
Normas de descripción rda
082 04 - NÚMERO DE LA CLASIFICACIÓN DECIMAL DEWEY
Número de clasificación 177.6 R988g
Número de edición 22
100 1# - ENTRADA PRINCIPAL--NOMBRE DE PERSONA
Nombre de persona Ryan Grace, Michael
Término indicativo de función/relación autor
245 10 - MENCIÓN DEL TÍTULO
Título La gota que derramó el vaso
Resto del título : Pautas para una mejor comunicación en el matrimonio ¿Se puede decir un sí para siempre?
Mención de responsabilidad, etc. / Michael Ryan Grace
264 ## - PRODUCCIÓN, PUBLICACIÓN, DISTRIBUCIÓN, FABRICACIÓN Y COPYRIGHT
Producción, publicación, distribución, fabricación y copyright México
Nombre del de productor, editor, distribuidor, fabricante ; Contenidos de Formación Integral
Fecha de producción, publicación, distribución, fabricación o copyright , [199.?]
300 ## - DESCRIPCIÓN FÍSICA
Extensión 112 páginas
Otras características físicas ilustraciones en blanco y negro
Dimensiones 21 centimetros
336 ## - TIPO DE CONTENIDO
Fuente rdacontent
Término de tipo de contenido texto
Código de tipo de contenido txt
337 ## - TIPO DE MEDIO
Fuente rdamedia
Nombre/término del tipo de medio sin mediación
Código del tipo de medio n
338 ## - TIPO DE SOPORTE
Fuente rdacarrier
Nombre/término del tipo de soporte volumen
Código del tipo de soporte nc
490 ## - MENCIÓN DE SERIE
Mención de serie Colección Nueva Evangelización
500 ## - NOTA GENERAL
Nota general Incluye índice
500 ## - NOTA GENERAL
Nota general Contiene datos biográficos del autor
505 ## - NOTA DE CONTENIDO CON FORMATO
Nota de contenido con formato El amor es delicado. Una gota puede derramar el vaso -- El amor es generoso. El vaso en un borde correcto
520 ## - RESUMEN, ETC.
Sumario, etc. Este libro quiere ser una ayuda para prevenir, y si fuera el caso, curar un problema que amenaza frecuentemente la felicidad de los matrimonios y de las familias: los malentendidos. Los problemas de relación en el matrimonio no suelen venir de la mala voluntad de las personas involucradas, sino de mal entendidos repetidos hasta provocar la crisis o simplemente no afrontados en la forma debida. Es así cómo se derrama el vaso. Examinando las dinámicas de la comunicación y los mecanismos que producen los malentendidos, con ejemplos sencillos pero concretos y reales, el libro ofrece orientaciones útiles para prevenir esta situación y ayudar a disfrutar de una comunicación serena capaz de resolver en forma constructiva los momentos inevitables de conflicto. Así el vaso del matrimonio se desbordará de amor.
650 17 - PUNTO DE ACCESO ADICIONAL DE MATERIA--TÉRMINO DE MATERIA
Término de materia o nombre geográfico como elemento de entrada Matrimonio
650 17 - PUNTO DE ACCESO ADICIONAL DE MATERIA--TÉRMINO DE MATERIA
Término de materia o nombre geográfico como elemento de entrada Amor
Fuente del encabezamiento o término LEMB
650 17 - PUNTO DE ACCESO ADICIONAL DE MATERIA--TÉRMINO DE MATERIA
Término de materia o nombre geográfico como elemento de entrada Conducta (Ética)
Fuente del encabezamiento o término LEMB
650 17 - PUNTO DE ACCESO ADICIONAL DE MATERIA--TÉRMINO DE MATERIA
Término de materia o nombre geográfico como elemento de entrada Educación para la vida familiar
Fuente del encabezamiento o término LEMB
650 17 - PUNTO DE ACCESO ADICIONAL DE MATERIA--TÉRMINO DE MATERIA
Término de materia o nombre geográfico como elemento de entrada Ética sexual
Fuente del encabezamiento o término LEMB
942 ## - ELEMENTOS DE ENTRADA SECUNDARIOS (KOHA)
Fuente del sistema de clasificación o colocación Clasificación Decimal Dewey
Suprimir en OPAC No
Tipo de ítem Koha Libros
Holdings
Estatus retirado Estado de pérdida Fuente del sistema de clasificación o colocación Estado de daño No para préstamo Colección Biblioteca de origen Biblioteca actual Ubicación en estantería Fecha de adquisición Fuente de adquisición Total de préstamos Signatura topográfica completa Código de barras Visto por última vez Copia número Precio de reemplazo Tipo de ítem Koha
    Clasificación Decimal Dewey     General BIBLIOTECA PÚBLICA MUNICIPAL RAMON CORREA MEJIA BIBLIOTECA PÚBLICA MUNICIPAL RAMON CORREA MEJIA Colección general 28/03/2022 Donación   177.6 R988g 44376 28/03/2026 Ej. 1 28/03/2026 Libros

Powered by Koha